5HLuxD.jpg

KING HENRY VIII SENIOR AND PRIMARY SCHOOL LIBRARY OPAC

Geog.2 : (Record no. 2683)

000 -LEADER
fixed length control field 01029cam a2200325 i 4500
001 - CONTROL NUMBER
control field 019869816
003 - CONTROL NUMBER IDENTIFIER
control field UkOxU
005 - DATE AND TIME OF LATEST TRANSACTION
control field 20230810083157.0
008 - FIXED-LENGTH DATA ELEMENTS--GENERAL INFORMATION
fixed length control field 141121s2014 enkab j 001 0 eng c
015 ## - NATIONAL BIBLIOGRAPHY NUMBER
National bibliography number GBB464750
Source bnb
020 ## - INTERNATIONAL STANDARD BOOK NUMBER
International Standard Book Number 9780198393030 (pbk.)
035 ## - SYSTEM CONTROL NUMBER
System control number (StEdNL)5244680
035 ## - SYSTEM CONTROL NUMBER
System control number (Uk)016760532
040 ## - CATALOGING SOURCE
Original cataloging agency StDuBDS
Language of cataloging eng
Description conventions rda
Transcribing agency StDuBDS
Modifying agency StEdNL
-- KH8
042 ## - AUTHENTICATION CODE
Authentication code ukscp
082 04 - DEWEY DECIMAL CLASSIFICATION NUMBER
Classification number 910 GAL
100 1# - MAIN ENTRY--PERSONAL NAME
Personal name Gallagher, Rosemarie,
Dates associated with a name 1948-
Relator term author.
245 10 - TITLE STATEMENT
Title Geog.2 :
Remainder of title Student book /
Statement of responsibility, etc. Rosemarie Gallagher, Richard Parish.
250 ## - EDITION STATEMENT
Edition statement 4th edition.
264 #1 - PRODUCTION, PUBLICATION, DISTRIBUTION, MANUFACTURE, AND COPYRIGHT NOTICE
Place of production, publication, distribution, manufacture Oxford :
Name of producer, publisher, distributor, manufacturer Oxford University Press,
Date of production, publication, distribution, manufacture, or copyright notice 2014.
300 ## - PHYSICAL DESCRIPTION
Extent 144 pages :
Other physical details illustrations (colour), maps (colour) ;
Dimensions 28 cm.
336 ## - CONTENT TYPE
Content type term text
Source rdacontent
337 ## - MEDIA TYPE
Media type term unmediated
Source rdamedia
338 ## - CARRIER TYPE
Carrier type term volume
Source rdacarrier
500 ## - GENERAL NOTE
General note Includes index.
650 #0 - SUBJECT ADDED ENTRY--TOPICAL TERM
Topical term or geographic name entry element Geography
Form subdivision Juvenile literature.
650 #0 - SUBJECT ADDED ENTRY--TOPICAL TERM
Topical term or geographic name entry element Geography
Form subdivision Problems, exercises, etc.
-- Juvenile literature.
700 1# - ADDED ENTRY--PERSONAL NAME
Personal name Parish, Richard,
Dates associated with a name 1953-
942 ## - ADDED ENTRY ELEMENTS (KOHA)
Source of classification or shelving scheme
Koha item type Teaching Resources
Holdings
Withdrawn status Lost status Source of classification or shelving scheme Damaged status Not for loan Collection code Permanent Location Current Location Shelving location Date acquired Full call number Barcode Date last seen Price effective from Koha item type
          Teaching Resources KH8 Senior School Library KH8 Senior School Library Staff Office 2023-08-10 910 GAL TRKHSL001558 2023-08-10 2023-08-10 Teaching Resources
          Teaching Resources KH8 Senior School Library KH8 Senior School Library Staff Office 2023-08-10 910 GAL TRKHSL001559 2023-08-10 2023-08-10 Teaching Resources
          Teaching Resources KH8 Senior School Library KH8 Senior School Library Staff Office 2023-08-10 910 GAL TRKHSL001560 2023-08-10 2023-08-10 Teaching Resources
          Teaching Resources KH8 Senior School Library KH8 Senior School Library Staff Office 2023-08-10 910 GAL TRKHSL001561 2023-08-10 2023-08-10 Teaching Resources
          Teaching Resources KH8 Senior School Library KH8 Senior School Library Staff Office 2023-08-10 910 GAL TRKHSL001562 2023-08-10 2023-08-10 Teaching Resources
          Teaching Resources KH8 Senior School Library KH8 Senior School Library Staff Office 2023-08-10 910 GAL TRKHSL001563 2023-08-10 2023-08-10 Teaching Resources
          Teaching Resources KH8 Senior School Library KH8 Senior School Library Staff Office 2023-08-10 910 GAL TRKHSL001566 2023-08-10 2023-08-10 Teaching Resources
          Teaching Resources KH8 Senior School Library KH8 Senior School Library Staff Office 2023-08-10 910 GAL TRKHSL001567 2023-08-10 2023-08-10 Teaching Resources
          Teaching Resources KH8 Senior School Library KH8 Senior School Library Staff Office 2023-08-10 910 GAL TRKHSL001568 2023-08-10 2023-08-10 Teaching Resources
          Teaching Resources KH8 Senior School Library KH8 Senior School Library Staff Office 2023-08-10 910 GAL TRKHSL001569 2023-08-10 2023-08-10 Teaching Resources
          Teaching Resources KH8 Senior School Library KH8 Senior School Library Staff Office 2023-08-10 910 GAL TRKHSL001570 2023-08-10 2023-08-10 Teaching Resources
          Teaching Resources KH8 Senior School Library KH8 Senior School Library Staff Office 2023-08-10 910 GAL TRKHSL001571 2023-08-10 2023-08-10 Teaching Resources
          Teaching Resources KH8 Senior School Library KH8 Senior School Library Staff Office 2023-08-10 910 GAL TRKHSL001572 2023-08-10 2023-08-10 Teaching Resources
          Teaching Resources KH8 Senior School Library KH8 Senior School Library Staff Office 2023-08-10 910 GAL TRKHSL001573 2023-08-10 2023-08-10 Teaching Resources
          Teaching Resources KH8 Senior School Library KH8 Senior School Library Staff Office 2023-08-10 910 GAL TRKHSL001574 2023-08-10 2023-08-10 Teaching Resources
          Teaching Resources KH8 Senior School Library KH8 Senior School Library Staff Office 2023-08-10 910 GAL TRKHSL001575 2023-08-10 2023-08-10 Teaching Resources
          Teaching Resources KH8 Senior School Library KH8 Senior School Library Staff Office 2024-07-30 910 GAL TRKHSL005564 2024-07-30 2024-07-30 Teaching Resources
          Teaching Resources KH8 Senior School Library KH8 Senior School Library Staff Office 2024-10-28 910 GAL TRKHSL005964 2024-10-28 2024-10-28 Teaching Resources
          Teaching Resources KH8 Senior School Library KH8 Senior School Library Staff Office 2024-10-28 910 GAL TRKHSL005965 2024-10-28 2024-10-28 Teaching Resources
          Teaching Resources KH8 Senior School Library KH8 Senior School Library Staff Office 2024-11-01 910 GAL TRKHSL001565 2024-11-01 2024-11-01 Teaching Resources
          Teaching Resources KH8 Senior School Library KH8 Senior School Library Staff Office 2025-07-14 910 GAL TRKHSL001564 2025-07-14 2025-07-14 Teaching Resources

Powered By KH8 IT Dept